Doctor Who - Episodes S4 - Statistiques

Statistiques générales
  • Ce quiz a été pris 36 fois
  • Le résultat moyen est 13 sur 19
Statistiques - réponses
Episodes Titres % Correct
8 Bibliothèque des ombres - 1ère partie
81%
9 Bibliothèque des ombres - 2ème partie
81%
1 Le Retour de Donna Noble
81%
10 Un passager de trop
81%
4 A.T.M.O.S - 1ère partie
77%
5 A.T.M.O.S - 2ème partie
77%
6 La Fille du Docteur
77%
12 La Terre voléé
77%
11 Le choix de Donna
77%
7 Agatha Christie mène l'enquête
69%
2 La Chute de Pompéï
69%
Episode Spécial Noël Une croisière autour de la Terre
69%
Episode Spécial Noël Cyber Noël
65%
Episode Spécial La conquête de Mars
65%
Episode Spécial La prophétie de Noël - 1ère partie
58%
Episode Spécial La prophétie de Noël - 2ème partie
58%
3 Le Chant des Oods
58%
13 La Fin du voyage
54%
Episode Spécial Planète morte
46%
Aucun quiz correspondant
Distribution des résultats
% des personnes avec chaque résultat
Percentile par nombre de réponses
Votre historique - résultats
Vous n’avez pas pris ce quiz